| 000 | 02524cgm a2200601 a 4500 | ||
|---|---|---|---|
| 001 | on1310301410 | ||
| 003 | OCoLC | ||
| 005 | 20240130125740.0 | ||
| 007 | vd cvaizq | ||
| 008 | 220411s2022 cau139 j vaeng d | ||
| 024 | 1 | _a191329220474 | |
| 028 | 4 | 2 |
_aSDS1000813601 _bNickelodeon / Paramount |
| 035 | _a(OCoLC)1310301410 | ||
| 037 |
_bMidwest Tape _nhttp://www.midwesttapes.com |
||
| 040 |
_aTEFMT _beng _cTEFMT _dTEF _dOCLCO _dOCLCQ _dGK8 _dOCLCF _erda |
||
| 041 | 1 |
_aeng _aspa _heng |
|
| 092 | _aDVD | ||
| 130 | 0 |
_aPAW patrol (Television program) _95712321 |
|
| 245 | 1 | 0 | _aPaw patrol : Rescue knights |
| 257 | _aUnited States | ||
| 264 | 1 |
_aSanta Monica, CA : _bNickelodeon, _c[2022] |
|
| 300 |
_a1 videodisc (139 min.) : _bsound, color ; _c4 3/4 in. |
||
| 336 | _atwo-dimensional moving image | ||
| 337 | _avideo | ||
| 338 | _avideodisc | ||
| 490 | 1 | _aPAW patrol (Television program) | |
| 500 | _aTV label. | ||
| 500 | _aTitle from sell sheet. | ||
| 500 | _aWide screen. | ||
| 511 | 1 | _aJustin Paul Kelly, Keegan Hedley, Kingsley Marshall, Jackson Reid, Lilly Bartlam, Beckett Hipkiss, Shayle Simons. | |
| 520 | _aThe PAW Patrol Rescue Knights must protect Barkingburg from Claw, a mischievous pup, and his dragon! No rescue is too big, and no pup knight is too small! With new knightly vehicles and armor, the pups take to land, air, and moat to save the kingdom! | ||
| 521 | 8 | _aRating: Not rated. | |
| 538 | _aDVD, wide screen; 5.1 Dolby digital (English); 2.0 Dolby digital (Spanish). | ||
| 546 | _aEnglish or Spanish dialogue. | ||
| 650 | 0 |
_aPAW Patrol (Fictitious characters) _vJuvenile films. _95772666 |
|
| 650 | 0 |
_aHeroes _vJuvenile films. _95703859 |
|
| 650 | 0 |
_aPuppies _vJuvenile films. _95716238 |
|
| 650 | 0 |
_aRescues _vJuvenile films. _95727843 |
|
| 650 | 0 | _aChildren's. | |
| 650 | 1 |
_aPAW Patrol (Fictitious characters) _vDrama. _95772667 |
|
| 650 | 1 |
_aHeroes _vDrama. _95708948 |
|
| 650 | 1 |
_aPuppies _vDrama. _95716241 |
|
| 650 | 1 |
_aRescues _vDrama. _95699024 |
|
| 700 | 1 |
_aKelly, Justin Paul, _evoice actor. _96445125 |
|
| 700 | 1 |
_aHedley, Keegan, _evoice actor. _96395568 |
|
| 700 | 1 |
_aMarshall, Kingsley, _evoice actor. _96379830 |
|
| 710 | 2 |
_aNickelodeon (Firm), _epublisher. _918033 |
|
| 730 | 0 | 2 |
_aRescue knights (Television program) _96451033 |
| 730 | 0 | 2 |
_aRescue knights (Television program). _lSpanish. _96451034 |
| 830 | 0 |
_aPAW patrol (Television program) _95712321 |
|
| 907 | _a.b464981682 | ||
| 942 |
_2ddc _cDVD |
||
| 999 |
_c375083 _d375083 |
||